Man and Horse : chess series chess series
Descripción Física:
targeta : il·lustració en color ; 13 x 18 cm
Idioma:
Catalán , English
MARC
| LEADER | 00000nkm a22000004i 4500 | ||
|---|---|---|---|
| 001 | 29183 | ||
| 003 | AGDB | ||
| 005 | 20260324181542.0 | ||
| 008 | 251223b spa||||| |||| 00| 0 cat d | ||
| 040 | |a agdb |b cat | ||
| 041 | |a eng | ||
| 100 | |a Junyer, Joan, |d 1904-1994 |9 53028 | ||
| 245 | |a Man and Horse : |b chess series |h (postal) | ||
| 260 | |a New York : |b Manhattan Art Press, |c [s.a.] | ||
| 300 | |a targeta : |b il·lustració en color ; |c 13 x 18 cm | ||
| 380 | |a Targeta postal | ||
| 500 | |a Prové del fons Joan Junyer i Pascual (1909-1994) | ||
| 500 | |a Al verso: Man and Horse. Chess series. Enamel on steel -- XX Century Painting | ||
| 650 | |a Fons Joan Junyer i Pascual (1909-1994) |9 72777 | ||
| 655 | 0 | |a Targetes postals |9 52685 | |
| 942 | |2 udc |c ARXIU |n 1 | ||
| 952 | |0 0 |1 0 |2 udc |4 0 |6 F504275 |7 1 |9 98863 |a Arxiu |b Arxiu |d 2025-12-23 |l 0 |o F-504-275 |p 29183 |r 2025-12-23 12:08:28 |w 2025-12-23 |y ARXIU | ||
| 999 | |c 130531 |d 130531 | ||